LIBRARY & INFORMATION CENTRE, KCAET, TAVANUR

ONLINE PUBLIC ACCESS CATALOGUE (OPAC)

Fundamentals of Groundwater Drainage Engineering (Record no. 15603)

MARC details
000 -LEADER
fixed length control field 00713nam a22001697a 4500
003 - CONTROL NUMBER IDENTIFIER
control field OSt
008 - FIXED-LENGTH DATA ELEMENTS--GENERAL INFORMATION
fixed length control field 190520b ||||| |||| 00| 0 eng d
020 ## - INTERNATIONAL STANDARD BOOK NUMBER
ISBN 9789351249184
082 ## - DEWEY DECIMAL CLASSIFICATION NUMBER
Classification number 551.49
Item number VAS/FU
100 ## - MAIN ENTRY--AUTHOR NAME
Personal name Vashisht, A K
245 ## - TITLE STATEMENT
Title Fundamentals of Groundwater Drainage Engineering
260 ## - PUBLICATION, DISTRIBUTION, ETC. (IMPRINT)
Place of publication New Delhi
Name of publisher Daya Publishing House
Year of publication 2018
300 ## - PHYSICAL DESCRIPTION
Number of Pages 210 p.
505 ## - FORMATTED CONTENTS NOTE
Formatted contents note 1. GROUNDWATER1 2.WELL HYDRAULICS11 3.WELL CONSTRUCTION 4.WATER LIFTING DEVICES 5.WATERLOGGED SOILS 6.SOIL PERMEABILITY MEASUREMENT7. QUATIONS FOR EVALUATING DEPTH AND SPACING OF DRAINS 8.SUBSURFACE DRAINS 9.TUBE WELL DRAINAGE SYSTEM10.SURFACE DRAINAGE11.SALT AFFECTED SOILS
700 ## - ADDED ENTRY--PERSONAL NAME
Personal name Aggarwal, Rajan
942 ## - ADDED ENTRY ELEMENTS (KOHA)
Koha item type Books
Holdings
Withdrawn status Lost status Damaged status Collection code Home library Current library Shelving location Date acquired Cost, normal purchase price Full call number Accession Number Koha item type
      Non-fiction KAUAET KAUAET General Stacks 20/05/2019 1495.00 551.49 VAS/FU 25824 Books
free website counter